Presidents of Ukraine - Statistics

General Stats
  • This quiz has been taken 342 times
  • The average score is 4 of 6
Answer Stats
Term President % Correct
2019- Volodymyr Zelensky
98%
2014-2019 Petro Poroshenko
84%
2010-2014 Viktor Yanukovych
81%
1994-2005 Leonid Kuchma
68%
1991-1994 Leonid Kravchuk
60%
2005-2010 Viktor Yushchenko
57%
No matching quizzes found
Score Distribution
Percent of People with Each Score
Percentile by Number Answered
Your Score History
You have not taken this quiz